书目信息 |
| 题名: |
马克思主义哲学原理
|
|
| 作者: | 袁贵仁 主编 | |
| 分册: | ||
| 出版信息: | 北京 北京出版社 1999.09 |
|
| 页数: | 230页 | |
| 开本: | 20cm | |
| 丛书名: | ||
| 单 册: | ||
| 中图分类: | B0-0 | |
| 科图分类: | ||
| 主题词: | 马克思主义哲学 | |
| 电子资源: | ||
| ISBN: | 7-200-03803-2 | |
| 000 | 00546nam0 2200193 450 | |
| 001 | 0841325509 | |
| 005 | 20201102103024.37 | |
| 010 | @a7-200-03803-2@dCNY13.50 | |
| 100 | @a20080618d1999 km y0chiy0120 ea | |
| 101 | 0 | @achi |
| 102 | @aCN@b110000 | |
| 200 | 1 | @a马克思主义哲学原理@Ama ke si zhu yi zhe xue yuan li@f袁贵仁主编@Fyuan gui ren zhu bian |
| 210 | @a北京@c北京出版社@d1999.09 | |
| 215 | @a230页@d20cm | |
| 606 | 0 | @a马克思主义哲学 |
| 690 | @aB0-0@v4 | |
| 701 | 0 | @a袁贵仁@Ayuan gui ren@4主编 |
| 801 | 0 | @aCN@c20081030 |
| 905 | @dB0-0@eY897 | |
| 马克思主义哲学原理/袁贵仁主编.-北京:北京出版社,1999.09 |
| 230页;20cm |
| ISBN 7-200-03803-2:CNY13.50 |
| ● |
| 相关链接 |
|
|
|
正题名:马克思主义哲学原理
索取号:B0-0/Y897
 
预约/预借
| 序号 | 登录号 | 条形码 | 馆藏地/架位号 | 状态 | 备注 |
| 1 | 0819157 | 208191570 | 管理学院资料室/ [索取号:B0-0/Y897] | 在馆 | |
| 2 | 1500382 | 215003822 | 社科库509/509社科库 7排1列2层/ [索取号:B0-0/Y897] | 在馆 | |
| 3 | 452779 | 204527798 | 社科库509/422社科库 26排4列6层/ [索取号:B0-0/Y897] | 在馆 | |
| 4 | 452860 | 204528608 | 社科库509/509社科库 7排1列2层/ [索取号:B0-0/Y897] | 在馆 | |
| 5 | 452940 | 204529402 | 社科库509/509社科库 7排1列2层/ [索取号:B0-0/Y897] | 在馆 | |
| 6 | 455999 | 204559995 | 社科库509/509社科库 7排1列2层/ [索取号:B0-0/Y897] | 在馆 | |
| 7 | 456000 | 204560000 | 社科库509/509社科库 7排1列2层/ [索取号:B0-0/Y897] | 在馆 | |
| 8 | 456001 | 204560019 | 社科库509/509社科库 7排1列2层/ [索取号:B0-0/Y897] | 在馆 | |
| 9 | 456002 | 204560028 | 社科库509/509社科库 7排1列2层/ [索取号:B0-0/Y897] | 在馆 | |
| 10 | 456003 | 204560037 | 社科库509/422社科库 26排3列6层/ [索取号:B0-0/Y897] | 在馆 | |
| 11 | 459763 | 204597631 | 社科库509/422社科库 26排3列6层/ [索取号:B0-0/Y897] | 在馆 | |
| 12 | 460704 | 204607041 | 社科库509/509社科库 7排1列2层/ [索取号:B0-0/Y897] | 在馆 | |
| 13 | 469037 | 204690370 | 社科库509/422社科库 26排4列6层/ [索取号:B0-0/Y897] | 在馆 | |
| 14 | 469049 | 204690496 | 社科库509/509社科库 7排1列2层/ [索取号:B0-0/Y897] | 在馆 |